1443 1830 1011 1087 1317 1309 1831 1706 1713 1731 1019 1921 1268 1871 1446 1996 1978 1695 1083 1431 1136 1575 1171 1904 1069 1549 1697 1387 1948 1317 1330 1283 1137 1297 1760 1622 1469 1864 1478 1525 1401 1637 1544 1062 1280 1885 1691 1920 1145 1049 1945 1802 1868 1054 1432 1894 1654 1931 1554 1689 1372 1445 1741 1892 1581 1792 1613 1939 1258 1826 1573 1524 1249 1425 1447 1638 1687 1882 1447 1314 1715 1553 1700 1808 1484 1649 1352 1284 1626 1405 1822 1892 1125 1937 1546 1601 1357 1588 1644 BCNSPRNW ULIB Ver.6.0+V

เปลี่ยนเป็นภาษาไทย

Change to English
 แสดงรายละเอียดบรรณานุกรม
  กลับหน้าหลัก

Brief Record : Get Marc (ISO 2709) : E-mail record : QR code < ปิดหน้าต่าง
LEADER : 00000nam 2200000uu 4500
001    13399128328
003     ULIB
008    230612s2564||||th 000 0 tha d
020    ^a9786164386730
060  0 ^aWY163^bก891ก
100 0  ^aแก้วกาญจน์ เสือรัมย์
245 00 ^aการพยาบาลเด็กที่มีความผิดปกติของระบบทางเดินหายใจ/^cแก้วกาญจน์ เสือรัมย์
250    ^aพิมพ์ครั้งที่ 2
260    ^aขอนแก่น:^bสาขาวิชาการพยาบาลสุขภาพเด็ก คณะพยาบาลศาสตร์ มหาวิทยาลัยขอนแก่น,^c2564
300    ^a236 หน้า
650  0 ^aการพยาบาลกุมารเวชศาสตร์
650  0 ^aโรคระบบทางเดินหายใจ
856    ^a^zสารบัญ^uhttps://drive.google.com/file/d/1ij_oAZaCTriNLdrbfT8LicW6-3aAerIR/view?usp=share_link
945    ^p200^l0^i29558
945    ^p200^l0^i29559
945    ^p200^l0^i29560
999    ^aกัณชพร จุลอักษร
รายการนี้ยังไม่มีแท็ก
คุณยังไม่ได้ล็อกอิน คุณสามารถมีกิจกรรมร่วมกับเว็บไซต์ได้ แต่ต้องล็อกอินก่อน ::
  ล็อกอิน

รายการสื่อสารสนเทศ

ลำดับที่ ประเภท เลขเรียก/บาร์โค้ด สถานที่ สถานะ
1. หนังสือสำรอง
หนังสือสำรอง
WY163 ก891ก ฉ.1 
  Barcode: 29558
ห้องสมุดวิทยาเขตนครสวรรค์
►หนังสือทั่วไป:l:General Books
ถูกยืม กำหนดส่งวันที่ 10 เมษายน 2569
  จอง
2. วิทยาศาสตร์การแพทย์ และสุขภาพ
วิทยาศาสตร์การแพทย์ และสุขภาพ
WY163 ก891ก ฉ.2 
  Barcode: 29559
ห้องสมุดวิทยาเขตนครสวรรค์
►หนังสือทั่วไป:l:General Books
บนชั้น
3. วิทยาศาสตร์การแพทย์ และสุขภาพ
วิทยาศาสตร์การแพทย์ และสุขภาพ
WY163 ก891ก ฉ.3 
  Barcode: 29560
ห้องสมุดวิทยาเขตนครสวรรค์
►หนังสือทั่วไป:l:General Books
บนชั้น

รายการใกล้เคียง
    ผู้แต่ง [แก้วกาญจน์ เสือรัมย์]

    หัวเรื่อง [การพยาบาลกุมารเวชศาสตร์]
    หัวเรื่อง [โรคระบบทางเดินหายใจ]

BibComment


ยังไม่เคยถูกคอมเมนท์

คอมเมนท์ทรัพยากรรายการนี้
  คอมเมนท์: การพยาบาลเด็กที่..


 Copyright 2026. Bcnsprnw @Library